000 00478nam a2200157Ia 4500
005 20250508162504.0
008 008 250505s9999 xx 000 0 eng d
037 _aTextual
040 _aFEDL
_beng
_cFEDL
041 _aeng
_2eng
084 _a657, SHU
_qFEDL
245 0 _aSolutions to problems in Shukla and Grewal's advanced accounts, 2 V
260 _aRam Nagar, India
_bS Chand and Company Ltd
_c1985
942 _cTEXL
_h657, SHU
999 _c1376873
_d1376873